| 000 | 01259nam a2200325 c 4500 | ||
|---|---|---|---|
| 003 | BLK | ||
| 005 | 20240925084147.0 | ||
| 008 | 180408b bul|||||r ||||||| ||bul|| | ||
| 010 | _aKNG00086648000 | ||
| 020 |
_a978-954-480-069-7 _bиздат.: Жар - Жанет Аргирова |
||
| 040 | _aBLK | ||
| 041 |
_aBUL _cBUL |
||
| 080 |
_aАнглоканадска литература _b821.111(71) _x-31 _z821.111(71)-31 |
||
| 100 | 1 |
_aАндерсън-Даргац, Гейл _eпърви автор _9297795 |
|
| 700 |
_aНеделева, Мария Неделева _9363898 |
||
| 139 |
_aАндерсън-Даргац, Гейл _bА 65 |
||
| 245 | 1 | 0 |
_aФалшивият диамант _bРоман _cГейл Андерсън-Даргац; прев. Мария Неделева Неделева. |
| 257 | _aCAN | ||
| 260 |
_аСофия _bЖар - Жанет Аргирова _c2008 |
||
| 300 |
_a280 с. _c20 см |
||
| 380 | _aX | ||
| 500 | _aОриг. загл. A Rhinestone Button / Gail Anderson Dargatz. | ||
| 653 | _aромани | ||
| 852 | _aЦб 242016 | ||
| 856 | 4 |
_qpdf _u |
|
| 856 | 4 |
_qpdf _u |
|
| 942 |
_cKNG _n0 _06 |
||
| 944 |
_aCR _c27.11.2008 _lЦветелина Шанова _k30531 |
||
| 944 |
_aED _c06.11.2013 _lф / _k |
||
| 999 |
_c82128 _d82128 |
||